Statystyki dla Reprezentacje, które nigdy nie wystąpiły na Mundialu

Kliknij tutaj aby rozwiązać quiz!

Ogólne statystyki

  • Ten quiz został rozwiązany 182 razy
    (163 od ostatniego zresetowania)
  • Średni wynik to 57 z 132

Statystyki odpowiedzi

Reprezentacja% Poprawnych
San Marino
79%
Andora
77%
Liechtenstein
73%
Estonia
71%
Litwa
70%
Łotwa
70%
Albania
69%
Luksemburg
67%
Białoruś
66%
Indie
66%
Oman
66%
Armenia
65%
Kosowo
65%
Kazachstan
62%
Afganistan
60%
Azerbejdżan
60%
Finlandia
60%
Jemen
60%
Malta
60%
Dominika
59%
Kongo
58%
Tadżykistan
57%
Czarnogóra
56%
Mołdawia
56%
Pakistan
56%
Dominikana
55%
Uzbekistan
55%
Wietnam
55%
Cypr
54%
Gruzja
54%
Macedonia Północna
54%
Madagaskar
54%
Mongolia
54%
Turkmenistan
54%
Filipiny
53%
Laos
53%
Tajlandia
53%
Kirgistan
52%
Niger
52%
Syria
52%
Libia
51%
Bhutan
50%
Erytrea
50%
Gwinea
50%
Liban
50%
Somalia
50%
Sri Lanka
50%
Wenezuela
50%
Sudan
49%
Zambia
49%
Antigua i Barbuda
48%
Bahrajn
48%
Dżibuti
48%
Nepal
48%
Papua Nowa Gwinea
48%
Czad
47%
Etiopia
47%
Fidżi
47%
Gujana
47%
Seszele
47%
Uganda
47%
Zimbabwe
47%
Belize
46%
Bahamy
45%
Chińskie Tajpej
45%
Kambodża
45%
Lesotho
45%
Bangladesz
44%
Botswana
44%
Gambia
44%
Gwinea Równikowa
44%
Malezja
44%
Surinam
44%
Wyspy Salomona
43%
Brunei
42%
Gwinea Bissau
42%
Jordania
42%
Mali
42%
Mauretania
42%
Monako
42%
Singapur
42%
Sudan Południowy
42%
Republika Zielonego Przylądka
41%
Saint Kitts i Nevis
41%
Barbados
40%
Eswatini
40%
Gabon
40%
Gwatemala
40%
Komory
40%
Liberia
40%
Malediwy
40%
Mjanma
40%
Nikaragua
40%
Republika Środkowoafrykańska
40%
Rwanda
40%
Saint Lucia
40%
Samoa
39%
Benin
38%
Saint Vincent i Grenadyny
38%
Vanuatu
38%
Burundi
37%
Mozambik
37%
Tanzania
37%
Wyspy Owcze
37%
Burkina Faso
36%
Mauritius
36%
Sierra Leone
35%
Timor Wschodni
35%
Gibraltar
33%
Namibia
33%
Wyspy Świętego Tomasza i Książęca
32%
Grenada
31%
Tonga
29%
Malawi
24%
Aruba
19%
Portoryko
16%
Curaçao
14%
Guam
14%
Palestyna
14%
Brytyjskie Wyspy Dziewicze
13%
Wyspy Dziewicze Stanów Zjednoczonych
13%
Bermudy
12%
Anguilla
11%
Samoa Amerykańskie
11%
Wyspy Cooka
11%
Hongkong
10%
Tahiti
10%
Kajmany
8%
Nowa Kaledonia
8%
Montserrat
5%
Turks i Caicos
5%
Makao
3%

Rozkład punktacji

Percentyl według liczby udzielonych odpowiedzi

Procent ludzi z każdym wynikiem

Twoja historia wyników

Nie rozwiązałeś tego quizu od ostatniego zresetowania